| 000 | 00000nam##2200000za#4500 |
| 001 | 9.628086 |
| 003 | CaOODSP |
| 005 | 20210615105601 |
| 007 | ta |
| 008 | 150406|2008||||xxc||||| f|0| 0 fre|d |
| 022 | |a0706-6570 |
| 040 | |aCaOODSP|bfre |
| 043 | |an-cn--- |
| 086 | 1 |aFs97-6/2799F |
| 110 | 1 |aCanada. |bMinistère des pêches et des océans. |
| 245 | 10|aÉvaluation de la croissance, du taux d'exploitation et du recrutement à la pêche de la mactre de Stimpson (Mactromeris polynyma) de la Moyenne-Côte-Nord, Québec / |c[par] Luc Bourassa ... [et al.]. |
| 260 | |aMont-Joli - Québec : |bPêches et Océans Canada |c2008. |
| 300 | |ax, 39p. : |bfigures, graphiques, références, tableaux ; |c28 cm. |
| 490 | 1 |aRapport technique canadien des sciences halieutiques et aquatiques|x0706-6570|vN° 2799 |
| 500 | |a«Direction régionale des sciences, Pêches et Océans Canada, Institut Maurice-Lamontagne, 850 route de la Mer, C.P. 1000, Mont-Joli, Québec, G5H 3Z4 »--Couv. |
| 546 | |a(Abstract in English.) |
| 563 | |aCouverture souple |
| 590 | |a08-47|b2008-11-21 |
| 720 | 1 |aBourassa, Luc |
| 776 | 0#|tÉvaluation de la croissance, du taux d'exploitation et du recrutement à la pêche de la mactre de Stimpson (Mactromeris polynyma) de la Moyenne-Côte-Nord, Québec / |w(CaOODSP)9.604070 |
| 830 | #0|aRapport technique canadien des sciences halieutiques et aquatiques,|x0706-6570|vN° 2799|w(CaOODSP)9.513015 |